LEADER 01248nam0 22002893i 450 001 SUN0118427 005 20181122110838.194 010 $d0.00 017 70$2N$a978-0-12-391860-4 100 $a20181122d2012 |0engc50 ba 101 $aeng 102 $aUS 105 $a|||| ||||| 200 1 $a*Nanomedicine$eCancer, Diabetes, and Cardiovascular, Central Nervous System, Pulmonary and Inflammatory Diseases$fedited by Nejat Düzgüne? 205 $aSan Diego : Elsevier Academic, 2012 210 $alii$d434 p.$cill. ; 24 cm 215 $aPubblicazione in formato elettronico 461 1$1001SUN0035886$12001 $a*Methods in enzymology$v508$1205 $aVol. 1(1955)-$1207 $aNew York : Academic, 1955-$1210 $avolumi$cill. ; 24 cm$1215 $aPeriodicità irregolare 620 $dSan Diego$3SUNL000041 702 1$aDuzgunes$b, Nejat$3SUNV017013 712 $aElsevier$3SUNV000127$4650 801 $aIT$bSOL$c20181203$gRICA 856 4 $uhttps://www.sciencedirect.com/bookseries/methods-in-enzymology/vol/508/suppl/C 912 $aSUN0118427 950 $aBIBLIOTECA CENTRO DI SERVIZIO SBA$d15CONS SBA EBOOK 2601 $e15EB 2601 20181122 996 $aNanomedicine$91142294 997 $aUNICAMPANIA